000 00778cam a2200241 a 4500
001 000004938
005 20200929151535.0
008 920421s1992 sp 000 0 spa
020 _a8476583265
040 _aDO-SdBNP
_cDLC
_dDLC
082 _a861.64
_bL792t
100 1 _aLlop, José Carlos
_d1956-
_914262
245 1 3 _aLa tumba etrusca (1988-1990) /
_cJosé Carlos Llop.
260 _aBarcelona :
_bAnthropos,
_c1992.
300 _a63 p. ;
_c20 cm.
490 1 _aÁmbitos literarios ;
_vno. 103
490 1 _aPoesía ;
_vno. 103
586 _aPremio Editorial Anthropodos de Poesía, 1991
650 4 _aPoesía española
_9631
650 4 _aLiteratura española
_9632
830 0 _aÁmbitos literarios,
_pPoesía ;
_vno. 103
_914263
910 _aCatalogación por copia / LC
999 _c4744
_d4744